Statistics for FC Barcelona Squad 2010-2011

Click here to take the quiz!

General Stats

  • This quiz has been taken 177 times
  • The average score is 16 of 22

Answer Stats

#PositionNationPlayer% Correct
8MFSpainAndrés Iniesta
98%
3DFSpainGerard Piqué
98%
10FWArgentinaLionel Messi
98%
6MFSpainXavi Hernández
98%
1GKSpainVíctor Valdés
96%
2DFBrazilDani Alves
94%
5DFSpainCarles Puyol
91%
7FWSpainDavid Villa
91%
17FWSpainPedro Rodríguez
86%
14MFArgentinaJavier Mascherano
84%
-CoachSpainPep Guardiola
84%
16MFSpainSergio Busquets
84%
22DFFranceÉric Abidal
81%
15MFMaliSeydou Keita
67%
13GKSpainJosé Manuel Pinto
59%
9FWSpainBojan Krkić
52%
21DFBrazilAdriano Correia
47%
19DFBrazilMaxwell
44%
18DFArgentinaGabriel Milito
36%
20MFNetherlandsIbrahim Afellay
35%
11FWVenezuelaJeffrén Suárez
34%
26DFSpainAndreu Fontàs
14%

Score Distribution

Percentile by Number Answered

Percent of People with Each Score

Your Score History

You have not taken this quiz